000 00263nam a22001217a 4500
008 181019b xxu||||| |||| 00| 0 eng d
041 _aeng
080 _24th
_a617
100 _a5
101 _aKIR
245 _aSurgery of the Hand
_cBoyes,J.H
942 _2udc
_cBK
999 _c50212
_d50212